Factors causing delay in post-earthquake construction project of Azad Jammu and Kashmir / (Record no. 535728)
[ view plain ]
| 000 -LEADER | |
|---|---|
| fixed length control field | 00530nam a22001457a 4500 |
| 082 ## - DEWEY DECIMAL CLASSIFICATION NUMBER | |
| Classification number | 624.1 |
| 100 ## - MAIN ENTRY--PERSONAL NAME | |
| Personal name | Mehmood, Imran |
| 245 ## - TITLE STATEMENT | |
| Title | Factors causing delay in post-earthquake construction project of Azad Jammu and Kashmir / |
| Statement of responsibility, etc. | Imran Mehmood. |
| 260 ## - PUBLICATION, DISTRIBUTION, ETC. | |
| Place of publication, distribution, etc. | Islamabad : |
| Name of publisher, distributor, etc. | NIT - NUST, |
| Date of publication, distribution, etc. | 2013. |
| 300 ## - PHYSICAL DESCRIPTION | |
| Extent | 78 p. : ill. ; |
| Dimensions | 30cm. |
| 942 ## - ADDED ENTRY ELEMENTS (KOHA) | |
| Source of classification or shelving scheme | |
| Koha item type | Thesis |
| 650 ## - SUBJECT ADDED ENTRY--TOPICAL TERM | |
| Topical term or geographic name entry element | Construction Engineering & Management - MS Theses. |
| 700 ## - ADDED ENTRY--PERSONAL NAME | |
| Personal name | Sup Dr. Hamza Farooq Gabriel. |
| 650 ## - SUBJECT ADDED ENTRY--TOPICAL TERM | |
| -- | 30389 |
| 700 ## - ADDED ENTRY--PERSONAL NAME | |
| -- | 22897 |
| Withdrawn status | Lost status | Source of classification or shelving scheme | Damaged status | Not for loan | Permanent Location | Current Location | Shelving location | Date acquired | Total Checkouts | Full call number | Barcode | Date last seen | Price effective from | Koha item type |
|---|---|---|---|---|---|---|---|---|---|---|---|---|---|---|
| Central Library (CL) | Central Library (CL) | Thesis | 09/22/2020 | 624.1 | CL-T-5876 | 09/22/2020 | 09/22/2020 | Thesis |
